Faktory míry materiální deprivace v České republice a jejich vztahy k typu domácností

Analýza materiálnej deprivácie na základe dát získaných v roku 2011 v rámci šetrenia "Životné podmienky", do ktorého boli zahrnuté domácnosti ČR.

Na minha lista:
Detalhes bibliográficos
Autor principal: Řezanková, Hana
Outros Autores: Želinský, Tomáš
Formato: Capítulo de Livro
Idioma:tcheco
Assuntos:
Tags: Adicionar Tag
Sem tags, seja o primeiro a adicionar uma tag!

MARC

LEADER 00000naa a2200000 4500
001 0188929
005 20251204124855.4
041 0 |a cze 
044 |a SK 
245 1 0 |a Faktory míry materiální deprivace v České republice a jejich vztahy k typu domácností  |c Hana Řezánková, Tomáš Želinský 
520 |a Analýza materiálnej deprivácie na základe dát získaných v roku 2011 v rámci šetrenia "Životné podmienky", do ktorého boli zahrnuté domácnosti ČR. 
610 2 0 |a domácnosti 
610 2 0 |a Česko 
610 2 0 |a deprivácia 
610 2 0 |a deprivácia materiálna 
610 2 0 |a podmienky životné 
100 1 |a Řezanková, Hana 
700 1 |a Želinský, Tomáš